Výročná správa

Povinnosť vyhotoviť výročnú správu majú účtovné jednotky, ktoré musia mať účtovnú závierku overenú audítorom.. Obsah výročnej správy. Overenie súladu výročnej správy s účtovnou závierkou. Konsolidovaná výročná správa. Zverejňovanie. Výročná správa nadácií a NBS.

Gespeichert in:
Bibliographische Detailangaben
1. Verfasser: Hájková, Anna
Format: Buchkapitel
Sprache:Slowakisch
Schlagworte:
Tags: Tag hinzufügen
Keine Tags, Fügen Sie das erste Tag hinzu!

MARC

LEADER 00000naa$a2200000$$$4500
001 0026956
005 20231106071306.5
041 0 |a slo 
044 |a SK 
245 1 0 |a Výročná správa  |c Anna Hájková 
520 |a Povinnosť vyhotoviť výročnú správu majú účtovné jednotky, ktoré musia mať účtovnú závierku overenú audítorom.. Obsah výročnej správy. Overenie súladu výročnej správy s účtovnou závierkou. Konsolidovaná výročná správa. Zverejňovanie. Výročná správa nadácií a NBS. 
610 2 0 |a závierka účtovná 
610 2 0 |a závierka účtovná konsolidovaná 
610 2 0 |a správy výročné 
100 1 |a Hájková, Anna